Bandeiras de países antigos - Statistics

Estatísticas Gerais
  • Esse quiz foi jogado 180 vezes
  • A pontuação média é 6 de 20
Estatísticas das Respostas
Imagem Resposta % Correto
Império do Brasil
84%
Império Otomano
61%
Reino da Prússia
61%
Império Alemão
58%
Império Russo
42%
Dinastia Qing
41%
Império Austríaco
39%
República Rio-Grandense
39%
Vietnã do Sul
33%
Reino da Baviera
27%
Índia Britânica
26%
Estados Confederados da América
25%
Reino Unido de Portugal, Brasil e Algarves
20%
Polônia-Lituânia
16%
Dinastia Joseon
15%
República Juliana
13%
Confederação Argentina
11%
Xogunato Tokugawa
10%
Reino das Duas Sicílias
5%
Império Afexárida
4%
Nenhum quiz correspondente encontrado
Distribuição das Pontuações
Porcentagem de Pessoas com Cada Pontuação
Percentil de Números Respondidos
Sua Pontuação Histórica
Você não jogou esse quiz